Огневая подготовка из стрелкового оружия: учебное пособие

Chi tiết về thư mục
Tác giả của công ty: Национальный исследовательский Томский политехнический университет Военный учебный центр
Tác giả khác: Борисов В. А. Валентин Александрович (составитель), Акулов И. Е. Игорь Евгеньевич
Tóm tắt:Заглавие с титульного экрана
Пособие разработано в соответствии с требованиями программ подготовки офицеров и сержантов запаса, Курса стрельб из стрелкового оружия, наставлений и руководств по эксплуатации различных видов стрелкового оружия. Учтен практический опыт огневой подготовки войск. основу пособия положен курс лекций и практических занятий, проводимый авторами течение нескольких лет. В нем изложены вопросы изучения учебной дисциплины «Огневая подготовка из стрелкового оружия» применительно главным образом к практической деятельности командиров подразделений (взвода, отделения) при подготовке и ведении общевойскового боя. Предназначено для студентов военных учебных центров образовательных учреждений высшего образования, обучающихся по программам подготовки офицеров, сержантов и солдат запаса. Может быть использовано преподавателями для организации и проведения огневых тренировок и занятий по выполнению упражнений начальных и учебных стрельб в ходе учебных сборов в войсковых частях
Текстовый файл
AM_TPU_network
Ngôn ngữ:Tiếng Nga
Được phát hành: Томск, Изд-во ТПУ, 2020
Những chủ đề:
Truy cập trực tuyến:https://www.lib.tpu.ru/fulltext2/m/2020/m043.pdf
Định dạng: Điện tử Sách
KOHA link:https://koha.lib.tpu.ru/cgi-bin/koha/opac-detail.pl?biblionumber=345092

MARC

LEADER 00000nam0a2200000 4500
001 345092
005 20260303135435.0
035 |a (RuTPU)RU\TPU\book\376904 
035 |a RU\TPU\book\367514 
090 |a 345092 
100 |a 20200723d2020 m y0rusy50 ca 
101 0 |a rus 
102 |a RU 
105 |a a j 001zy 
135 |a drcn ---uucaa 
181 0 |a i   |b  e  
182 0 |a b 
183 0 |a cr  |2 RDAcarrier 
200 1 |a Огневая подготовка из стрелкового оружия  |e учебное пособие  |f Национальный исследовательский Томский политехнический университет, Военный учебный центр ; сост. В. А. Борисов ; И. Е. Акулов 
203 |a Текст  |c электронный  |b визуальный 
210 |a Томск  |c Изд-во ТПУ  |d 2020 
215 |a 1 файл (4,9 МБ, 203 с.) 
283 |a online_resource  |2 RDAcarrier 
300 |a Заглавие с титульного экрана 
330 |a Пособие разработано в соответствии с требованиями программ подготовки офицеров и сержантов запаса, Курса стрельб из стрелкового оружия, наставлений и руководств по эксплуатации различных видов стрелкового оружия. Учтен практический опыт огневой подготовки войск. основу пособия положен курс лекций и практических занятий, проводимый авторами течение нескольких лет. В нем изложены вопросы изучения учебной дисциплины «Огневая подготовка из стрелкового оружия» применительно главным образом к практической деятельности командиров подразделений (взвода, отделения) при подготовке и ведении общевойскового боя. Предназначено для студентов военных учебных центров образовательных учреждений высшего образования, обучающихся по программам подготовки офицеров, сержантов и солдат запаса. Может быть использовано преподавателями для организации и проведения огневых тренировок и занятий по выполнению упражнений начальных и учебных стрельб в ходе учебных сборов в войсковых частях 
336 |a Текстовый файл 
371 0 |a AM_TPU_network 
452 1 |0 (RuTPU)RU\TPU\book\377537  |t Огневая подготовка из стрелкового оружия  |o учебное пособие  |f Национальный исследовательский Томский политехнический университет ; сост. В. А. Борисов ; сост. И. Е. Акулов  |c Томск  |n Изд-во ТПУ  |d 2020  |p 203 с. 
606 1 |a Стрелковое дело  |2 stltpush  |3 (RuTPU)RU\TPU\subj\57200  |9 75063 
610 1 |a электронный ресурс 
610 1 |a труды учёных ТПУ 
610 1 |a учебные пособия 
610 1 |a огневая подготовка 
610 1 |a стрелковое оружие 
610 1 |a безопасность 
610 1 |a стрельба 
610 1 |a внутренняя баллистика 
610 1 |a внешняя баллистика 
610 1 |a гранаты 
610 1 |a гранатометы 
610 1 |a приемы 
610 1 |a правила 
610 1 |a стрельба 
610 1 |a тренировки 
686 |a Ц521я73  |2 rubbk 
702 1 |a Борисов  |b В. А.  |c специалист в области военного дела  |c доцент Томского политехнического университета, кандидат наук  |f 1957-  |g Валентин Александрович  |3 (RuTPU)RU\TPU\pers\32128  |4 220  |9 16150 
702 1 |a Акулов  |b И. Е.  |c специалист в области военного дела  |c начальник учебной части Томского политехнического университета  |f 1970-  |g Игорь Евгеньевич  |3 (RuTPU)RU\TPU\pers\29449  |4 220  |9 14002 
712 0 2 |a Национальный исследовательский Томский политехнический университет  |b Военный учебный центр  |3 (RuTPU)RU\TPU\col\27337 
801 1 |a RU  |b 63413507  |c 20110609 
801 2 |a RU  |b 63413507  |c 20210220  |g RCR 
856 4 0 |u https://www.lib.tpu.ru/fulltext2/m/2020/m043.pdf  |z https://www.lib.tpu.ru/fulltext2/m/2020/m043.pdf 
942 |c CF